LEADER 01894nam a2200385 4500 001 000000339120 003 CaOOAMICUS 005 20200205155048.0 008 200130s2014 it 000 u ita r 020 $a978-88-8284-849-1 040 $aSeMil$bita 100 0 $aPaulus VI,$c.$0(OLS)http://semarc/name/803 245 10$aSempre pił degna della sua storia bellissima :$bPaolo 6. all'Azione cattolica /$ca cura di Simona Ferrantin e Paolo Trionfini ; presentazione Mansueto Bianchi e Matteo Truffelli. 264 1$aRoma :$bAVE,$c2014. 300 $a599 p. ;$c24 cm 505 0 $aDiscorsi, messaggi e testi, alcuni anche inediti, lasciati da papa Montini all'Azione cattolica 541 0 $aFondo mons. Mario Delpini 650 4$aPaolo VI - Insegnamenti.$0(OLS)http://semarc/subject/17551 650 4$aAzione Cattolica - Documenti pontifici.$0(OLS)http://semarc/subject/34638 700 1 $aFerrantin, Simona.$0(OLS)http://semarc/name/110850 700 1 $aTrionfini, Paolo,$d<1967- >.$0(OLS)http://semarc/name/30204 700 1 $aBianchi, Mansueto .$0(OLS)http://semarc/name/61390 700 1 $aTruffelli, Matteo,$d<1970- >.$0(OLS)http://semarc/name/90953 830 0$aRicerche e documenti ;$v24.$0(OLS)http://semarc/title/407 850 $aSeMil 852 $aSeMil$W1$xVenegono$y1$m3E IV 379$j218654$B230255$CSeMilBibl$Z2$F230255 $81 900 1 $aMontini, Giovanni Battista,$d<1897-1978>. 900 0 $aPaolo VI$c. 941 1 $a7 996 $6020$a978-88-8284-849-1$9(OLS)http://semarc/number/289771 996 $6245$aSempre pił degna della sua storia bellissima :$bPaolo 6. all'Azione cattolica$9(OLS)http://semarc/title/427936 996 $6264$aRoma :$bAVE$9(OLS)http://semarc/publisher/30251 LEADER 00661naa a2200157 i 4500 001 000000317664 003 CaOOAMICUS 005 20180831173232.0 008 180831n it u000 u ita u 013 $a26843 040 $aSeMil$bita 100 1 $aFarisco, Michele.$0(OLS)http://semarc/name/65794 245 10$aAncora l'umano dopo l'uomo? 650 4$aBioetica e antropologia.$0(OLS)http://semarc/subject/27076 773 0 $aSorge, Valeria$tTommaso d'Aquino e la polemica con gli averroisti.$dNapoli : Verbum Ferens, 2011.$kQuaderni di filosofia. Nuova serie$z978-88-97232-03-2$gp.131-152$w()198853 996 $6245$aAncora l'umano dopo l'uomo?$9(OLS)http://semarc/title/383145